Normal view
MARC view
Entry Personal Name
001 - CONTROL NUMBER
- control field: 40172
003 - CONTROL NUMBER IDENTIFIER
- control field: dpl
005 - DATE AND TIME OF LATEST TRANSACTION
- control field: 20120125155227.0
008 - FIXED-LENGTH DATA ELEMENTS
- fixed length control field: 120125|||a|||||| | ||| d
040 ## - CATALOGING SOURCE
- Original cataloging agency: dpl
- Transcribing agency: dpl
100 ## - HEADING--PERSONAL NAME
- Personal name: Balmuchu, Ranjit
670 ## - SOURCE DATA FOUND
- Source citation: Work cat.: (dpl): Balmuchu, Ranjit, Parin :
670 ## - SOURCE DATA FOUND
- Source citation: Work cat.: (dpl): Balmuchu, Ranjit, Parin :
